1322 1964 1967 1041 1108 1155 1656 1596 1248 1342 1088 1472 1424 1256 1521 1892 1452 1090 1178 1647 1070 1159 1045 1787 1644 1276 1343 1070 1189 1667 1543 1553 1413 1414 1775 1879 1864 1572 1793 1202 1488 1168 1227 1597 1567 1127 1823 1105 1324 1828 1581 1945 1744 1353 1875 1974 1034 1192 1382 1679 1053 1059 1486 1111 1685 1910 1646 1710 1369 1927 1619 1606 1042 1916 1589 1373 1400 1519 1597 1697 1570 1546 1460 1605 1319 1073 1430 1591 1478 1896 1101 1709 1701 1388 1859 1578 1692 1643 1381 BCNSPRNW ULIB Ver.6.0+V

เปลี่ยนเป็นภาษาไทย

Change to English
 แสดงรายละเอียดบรรณานุกรม
  กลับหน้าหลัก

Brief Record : Get Marc (ISO 2709) : E-mail record : QR code < ปิดหน้าต่าง
LEADER : 00000nam 2200000uu 4500
001    13399115002
003     ULIB
008    120628s2549||||th 000 0 tha d
020    9749984978
090    นว.^bอ943ก
100 0  Adra
245 00 เกี่ยวหัวใจที่ไกปืน^cAdra
260    กรุงเทพฯ :^bแจ่มใส,^c2549
945    ^p179^l0^i020517
999 ^a ใช้งานได้ทุกระบบ
รายการนี้ยังไม่มีแท็ก
คุณยังไม่ได้ล็อกอิน คุณสามารถมีกิจกรรมร่วมกับเว็บไซต์ได้ แต่ต้องล็อกอินก่อน ::
  ล็อกอิน

รายการสื่อสารสนเทศ

ลำดับที่ ประเภท เลขเรียก/บาร์โค้ด สถานที่ สถานะ
- ไม่พบข้อมูล -

BibComment


ยังไม่เคยถูกคอมเมนท์

คอมเมนท์ทรัพยากรรายการนี้
  คอมเมนท์: เกี่ยวหัวใจที่ไกป..


 Copyright 2026. Bcnsprnw @Library